000 00241nam a2200097Ia 4500
001 676626
005 20250826161003.0
008 250824s9999 xx 000 0 und d
245 0 _aŞİİR DÜNYASINA YOLCULUK
260 _bTÜRKİYE İŞ BANKASI
999 _c676626
_d676626